| 000 | 00769mam a2200265 a 4500 | ||
|---|---|---|---|
| 001 | 395973 | ||
| 003 | ARRUPE | ||
| 005 | 20131127140926.0 | ||
| 008 | 860423s1985 fr 000 1 fre d | ||
| 020 | _z2858024720 | ||
| 035 | _a(OCoLC)ocm13482826 | ||
| 035 | _a(CStRLIN)NYCG85-B98118 | ||
| 035 | _a(NNC)abt4143 | ||
| 035 | _a(NNC)395973 | ||
| 040 |
_aUIU _cUIU _dRRR |
||
| 050 |
_aPR9408.M34 _bH6Z4 |
||
| 100 | 1 |
_aHouari, Leïla, _d1958- _94244 |
|
| 245 | 1 | 0 |
_aZeida de nulle part : _broman / _cLeïla Houari ; préface de Martine Charlot. |
| 260 |
_aParis : _bL'Harmattan, _cc1985. |
||
| 300 |
_a85 p. ; _c19 cm. |
||
| 490 | 1 |
_aEcritures arabes, _x0757-1429 ; _vno 17 |
|
| 830 | 0 |
_aEcritures arabes ; _vno 17. _94245 |
|
| 942 |
_2lcc _cMONOGRAPH |
||
| 999 |
_c118789 _d118789 |
||